20 titres les plus écoutés de Iron Maiden - Statistiques

Statistiques générales
  • Ce quiz a été pris 22 fois
  • Le résultat moyen est 13 sur 20
Statistiques - réponses
Nb. d'écoutes Album % Correct
+ 416 000 000 Fear of the Dark
100%
+ 582 000 000 Piece of Mind
94%
+ 294 000 000 The Number of the Beast
88%
+ 200 000 000 Somewhere in Time
76%
+ 215 000 000 The Number of the Beast
71%
+ 456 000 000 The Number of the Beast
71%
+ 146 000 000 Powerslave
65%
+ 123 000 000 Fear of the Dark
65%
+ 182 000 000 Powerslave
59%
+ 47 000 000 The Number of the Beast
59%
+ 44 938 000 Dance of Death
59%
+ 60 000 000 Iron Maiden
59%
+ 44 856 000 Fear of the Dark
53%
+ 46 000 000 Fear of the Dark
53%
+ 78 000 000 Piece of Mind
53%
+ 58 000 000 Seventh Son of a Seventh Son
53%
+ 72 000 000 Brave New World
53%
+ 51 000 000 Senjutsu
53%
+ 65 000 000 Seventh Son of a Seventh Son
47%
+ 49 000 000 Brave New World
41%
Aucun quiz correspondant
Distribution des résultats
% des personnes avec chaque résultat
Percentile par nombre de réponses
Votre historique - résultats
Vous n’avez pas pris ce quiz